000 00609nam a2200217 i 4500
001 C2-0019558
003 PPAK
005 20190630221950.0
008 970202s1982 enka|||| ||||| | eng d
040 _aPPAK
_beng
_cPPAK
_erda
082 0 4 _a635.975
_223
090 0 0 _a635.975
_bDAV
_dR
100 1 _aDavidson, William,
_eauthor
245 1 3 _aAn illustrated guide to foliage houseplants
264 1 _aLondon :
_bSalamandur Book ,
_c1982
300 _a160 pages :
_billustrations ;
_c22 cm
336 _2rdacontent
_atext
337 _2rdamedia
_aunmediated
338 _2rdacarrier
_avolume
942 _ddc
_cB
999 _c4289
_d4289